Fakulta architektúry SVŠT mestu Bratislava : Zborník atelierových prác, architektonických a urbanistických štúdií, projektov a súťaží, riešených poslucháčmi a pracovníkmi FA SVŠT pre hlavné mesto SSR Bratislavu
Gespeichert in:
| 1. Verfasser: | |
|---|---|
| Weitere Verfasser: | |
| Format: | Buch |
| Sprache: | Slowakisch |
| Veröffentlicht: |
Bratislava :
FA SVŠT vo vydavateľstve ŠPORT,
1988
|
| Ausgabe: | 1. vydanie |
| Schlagworte: | |
| Tags: |
Keine Tags, Fügen Sie das erste Tag hinzu!
|
MARC
| LEADER | 00000nam a22000003a 4500 | ||
|---|---|---|---|
| 001 | 0068470 | ||
| 003 | SK-STU | ||
| 005 | 20190402133320.7 | ||
| 007 | ta | ||
| 008 | 181109s ----xo-----e------000-0-----d | ||
| 040 | |a STU |b slo | ||
| 041 | 0 | |a slo | |
| 044 | |a xo | ||
| 100 | 1 | |a Koščo, Igor, |d 1955- |4 edt |X 466 |7 A000000466 | |
| 245 | 1 | 0 | |a Fakulta architektúry SVŠT mestu Bratislava : |b Zborník atelierových prác, architektonických a urbanistických štúdií, projektov a súťaží, riešených poslucháčmi a pracovníkmi FA SVŠT pre hlavné mesto SSR Bratislavu |c / ed. Igor Koščo, Michal Šarafín |
| 250 | |a 1. vydanie | ||
| 260 | |a Bratislava : |b FA SVŠT vo vydavateľstve ŠPORT, |c 1988 | ||
| 300 | |a 101 s. | ||
| 650 | 0 | 7 | |a občianske budovy |
| 650 | 0 | 7 | |a obytné budovy |
| 650 | 0 | 7 | |a ZOO |
| 650 | 0 | 7 | |a trh |
| 650 | 0 | 7 | |a múzeum |
| 650 | 0 | 7 | |a študentské projekty |
| 650 | 0 | 7 | |a architektonický návrh |
| 650 | 0 | 7 | |a architektonické štúdie |
| 650 | 0 | 7 | |a projekty |
| 650 | 0 | 7 | |a súťaže urbanistické |
| 650 | 0 | 7 | |a Obchodná ulica |
| 700 | 1 | |a Šarafín, Michal, |d 1943- |4 aut |X 456 |7 A000000456 | |
| 996 | |b 284AU07766 |c A* 11020/U |l AAKNAR |s A |a 24 |w 0068470_0001 | ||